Normal view
MARC view
- Barah, B C
Entry Personal Name
001 - CONTROL NUMBER
- control field: 6048
003 - CONTROL NUMBER IDENTIFIER
- control field: OSt
005 - DATE AND TIME OF LATEST TRANSACTION
- control field: 20240216103739.0
008 - FIXED-LENGTH DATA ELEMENTS
- fixed length control field: 240216|| aca||aabn | a|a d
040 ## - CATALOGING SOURCE
- Original cataloging agency: OSt
- Transcribing agency: OSt
100 ## - HEADING--PERSONAL NAME
- Personal name: Barah, B C
670 ## - SOURCE DATA FOUND
- Source citation: Work cat.: (OSt)10990: Barah, B C ., Traditional water harvesting systems:An ecological economic appraisal / , 1996.
